| 000 | 00867nas a2200277 4500 | ||
|---|---|---|---|
| 001 | BR0901112 | ||
| 003 | BR-BrBNA | ||
| 005 | 20231205113128.0 | ||
| 007 | ta | ||
| 008 | 230509b bl.|||p| |||| 00| 00por d | ||
| 040 |
_aBR-BrBNA _bpor _cBiblioteca Nacional de Agricultura |
||
| 041 | _a(Pt) | ||
| 072 | _aL01 | ||
| 100 | 1 | _aOliveira, V.C. de | |
| 100 | 1 | _aFontes, C.A. de A. | |
| 100 | 1 | _aSiqueira, J.G. de | |
| 100 | 1 | _aFernandes, A.M. | |
| 100 | 1 | _aSant'Ana, N. de F. | |
| 100 | 1 | _aChambela Neto, A. | |
| 245 | 1 | _aProdução de leite e desempenho dos bezerros de vacas Nelore e mestiças | |
| 650 | _aCURVA DE LACTAÇÃO | ||
| 650 | _aPRODUÇÃO LEITEIRA | ||
| 773 | 0 |
_tRevista Brasileira de Zootecnia (Brazil) _xISSN 1516-3598 _g(Noc-Dec 2007), v. 36(6) p. 2074-2081 _wBR0901112 |
|
| 909 |
_a202311 _bLúcia _c55 _dLúcia Elande |
||
| 942 |
_2AGRIS _n0 _cANA |
||
| 999 |
_c202009 _d202009 |
||